000 00379nam a2200145Ia 4500
008 100204s9999 xx 000 0 und d
082 _b795
100 _aमधुकर
245 _aरिंगण
260 _b"मेनका प्रकाशन , पुणे"
_c1965
300 _a176
630 _aरिंगण
730 _aरिंगण
942 _cBOOK
999 _c445990
_d445987